Loading...
| History - World | 0 | 7 | 0 | 1 | 70 | 43 | 67.57 | 3 | 7 | 30.02 | 57.95 |
| History - American | 0 | 6 | 2 | 2 | 50 | 68 | 90.00 | 0 | 3 | 15.54 | 31.82 |
| History - European | 0 | 4 | 1 | 1 | 35 | 56 | 86.00 | 2 | 3 | 12.34 | 26.14 |
| Religion | 0 | 3 | 0 | 1 | 30 | 63 | 77.67 | 2 | 3 | 8.62 | 25.00 |
| Geography | 0 | 2 | 0 | 0 | 20 | 25 | 40.50 | 1 | 1 | 68.21 | 81.25 |
| History - Other | 0 | 2 | 0 | 0 | 20 | 59 | 72.50 | 0 | 1 | 7.51 | 12.50 |
| Fine Arts - Classical Music | 0 | 1 | 0 | 0 | 10 | 67 | 67.00 | 1 | 1 | 4.06 | 9.09 |
| Fine Arts - Other | 0 | 1 | 0 | 1 | 10 | 130 | 130.00 | 0 | 1 | 0.00 | 3.41 |
| Mythology | 0 | 1 | 0 | 0 | 10 | 53 | 53.00 | 1 | 1 | 5.17 | 9.09 |
| Literature - World | 0 | 1 | 1 | 0 | 5 | 113 | 113.00 | 0 | 1 | 1.96 | 6.82 |
| Social Science | 0 | 1 | 1 | 0 | 5 | 70 | 70.00 | 1 | 1 | 3.31 | 7.95 |